On This Day: October 15th II Quiz Stats

 Plays Quiz Updated Oct 15, 2018

Score 0/7 Timer 03:00
0 Plays Today
Question Answer Wrong Answers
Queen ______ of France is tried and convicted in a quick, pre-determined trial in Paris. She is condemned to death the next day.
1793
Marie Antoinette
92.8%
Anne Boleyn
5.2%
Maria Amalia
0.8%
Catherine Grand
1.2%
Soviet Union leader ______ is awarded the Nobel Peace Prize for his efforts to lessen Cold War tensions and open up his nation.
1990
Mikhail Gorbachev
91.4%
Nikita Khrushchev
3.8%
Vladimir Putin
2.5%
Dmitry Medvedev
1%
‘Charlotte's Web’, written by ______ and illustrated by Garth Williams, is published.
1952
E. B. White
87.7%
Louis Sachar
1.7%
Roald Dahl
4.4%
A. A. Milne
5.3%
This satirical social commentary film by Charlie Chaplin premieres in New York.
1940
The Great Dictator
86.6%
Hamburger Hill
1.3%
The Grand Illusion
4.5%
The Great Escape
7.4%
This political organization is founded by Huey P. Newton and Bobby Seale.
1966
Black Panther Party
77.5%
Communist Party USA
6.5%
Progressive Labor Party
11.7%
Constitution Party
3.1%
This American comedy TV series, created by Larry David, debuts on HBO.
2000
Curb Your Enthusiasm
77.2%
Entourage
4%
Arrested Development
16.3%
Eastbound & Down
1.2%
This American actress and director, who rose to fame on the TV sitcom ‘Laverne & Shirley’, is born.
1943
Penny Marshall
75.8%
Geena Davis
6.8%
Rosie O'Donnell
7.2%
Susan Sarandon
9.6%

You're not logged in!

Compare scores with friends on all Sporcle quizzes.
OR
Log In

Sporcle TV

Today on Sporcle TV


Watch our educational content, quiz creation guides, and fun videos on Sporcle TV.

Show Comments

Extras

Top Quizzes Today


Score Distribution

Your Account Isn't Verified!

In order to create a playlist on Sporcle, you need to verify the email address you used during registration. Go to your Sporcle Settings to finish the process.

Report this User

Report this user for behavior that violates our Community Guidelines.

Details: